Changing perspectives of universities in knowledge based economy (The case of Slovakia)

Uložené v:
Podrobná bibliografia
Hlavný autor: Čaplánová, Anetta, 1967-
Ďalší autori: Gonda, Vladimír
Médium: Kapitola
Jazyk:English
Predmet:
Tagy: Pridať tag
Žiadne tagy, Buďte prvý, kto otaguje tento záznam!

MARC

LEADER 00000nla$a2200000$$$4500
001 0084394
005 20240502083223.8
041 0 |a eng 
044 |a TR 
245 1 0 |a Changing perspectives of universities in knowledge based economy (The case of Slovakia)  |c Anetta Čaplánová, Vladimír Gonda 
500 |a Abstrakt 
610 2 0 |a školy vysoké 
610 2 0 |a univerzity 
610 2 0 |a vzdelávanie 
610 2 0 |a akreditácia 
610 2 0 |a ekonomika vedomostná 
610 2 0 |a Slovensko 
100 1 |a Čaplánová, Anetta, 1967- 
700 1 |a Gonda, Vladimír